| 000 | 00708cam a2200277 4500 | ||
|---|---|---|---|
| 001 | J83817 | ||
| 008 | 090401t1997 xxu||||| |||| 00| 0 eng d | ||
| 035 | _a(Sirsi) u78202 | ||
| 041 | _aeng | ||
| 050 | _a333.33 | ||
| 110 |
_aSavills _92020 |
||
| 245 | _aSavills quarterly residential research bulletin. - Spring 1997 - Winter 1997 | ||
| 260 |
_aLondon _bSavills _c1997 |
||
| 300 | _a4 pt. ; 30cm. | ||
| 350 | _a0 | ||
| 650 | _aCOUNTRY HOUSES | ||
| 650 | _aHOUSE PRICES | ||
| 650 | _aHOUSE SALES | ||
| 650 | _aHOUSING MARKET | ||
| 650 | _aLONDON | ||
| 650 | _aNEW HOMES | ||
| 650 |
_aRESIDENTIAL PROPERTY _96266 |
||
| 690 | _aPROPERTY LAW AND PRACTICE | ||
| 942 | _n0 | ||
| 948 | _c07/05/1997 | ||
| 999 |
_c96400 _d96400 |
||